Flaws in government thinking (Record no. 76799)

MARC details
000 -LEADER
fixed length control field 01153cab a2200193 4500
001 - CONTROL NUMBER
control field ##L133098
008 - FIXED-LENGTH DATA ELEMENTS--GENERAL INFORMATION
fixed length control field 060411n2006 000 0 eng u
035 ## - SYSTEM CONTROL NUMBER
System control number (Sirsi) u133098
041 0# - LANGUAGE CODE
Language code of text/sound track or separate title eng
100 1# - MAIN ENTRY--PERSONAL NAME
Personal name Klein, Rudi
245 00 - TITLE STATEMENT
Title Flaws in government thinking
260 ## - PUBLICATION, DISTRIBUTION, ETC.
Date of publication, distribution, etc. 2006
490 #0 - SERIES STATEMENT
Series statement Construction News
Volume/sequential designation (6961) 6 April 2006, 28(1)
520 ## - SUMMARY, ETC.
Summary, etc. Argues that DTI proposals to amend the Housing Grants, Construction and Generation Act 1996 so that a contractual payment mechanism is deemed adequate only if it requires a statement of what is due in a certificate issued by the payer, payee or a third party fail to tackle payment problems in the industry. In practice, the employer will simply issue a certificate stating what it intends to pay, leaving the payee with no option but to go to adjudication to settle the dispute. A statutory payment mechanism giving the payee the right to apply for payment should replace the present system.
590 ## - LOCAL NOTE (RLIN)
Local note IKA110406
650 24 - SUBJECT ADDED ENTRY--TOPICAL TERM
Topical term or geographic name entry element HOUSING GRANTS, CONSTRUCTION AND REGENERATION ACT 1996
690 ## - LOCAL SUBJECT ADDED ENTRY--TOPICAL TERM (OCLC, RLIN)
Topical term or geographic name as entry element BUILT ENVIRONMENT-CONSTRUCTION MANAGEMENT-BUILDING CONTRACT ADMINISTRATION
942 ## - ADDED ENTRY ELEMENTS (KOHA)
Suppress in OPAC 0
Holdings
Withdrawn status Lost status Source of classification or shelving scheme Damaged status Not for loan Home library Current library Shelving location Date acquired Total Checkouts Full call number Barcode Date last seen Copy number Price effective from Koha item type
    Dewey Decimal Classification     London London Journal article 11/04/2006   L133098 133098-1001 06/08/2019 1 06/08/2019 Journal article